[Event "Goch op 24th"]
[Site "Goch"]
[Date "2013.09.08"]
[Round "7"]
[White "Wicker, Claus"]
[Black "Schleime, Franz Josef"]
[Result "1/2-1/2"]
[WhiteElo "1627"]
[BlackElo "1758"]
[PlyCount "39"]
[EventDate "2013.09.05"]
[EventType "swiss"]
[EventRounds "7"]
[EventCountry "GER"]
[SourceTitle "EXT 2015"]
[Source "ChessBase"]
[SourceDate "2014.11.20"]
[SourceVersion "1"]
[SourceVersionDate "2014.11.20"]
[SourceQuality "1"]

1. e4 c5 2. Nf3 e6 3. d4 cxd4 4. Nxd4 a6 5. Nc3 d6 6. Be3 Nf6 7. Bd3 Nbd7 8. 0-0 Qc7 9. f4 Be7 10. Kh1 b6 11. Qd2 Bb7 12. f5 e5 13. Nf3 Nc5 14. Bxc5 dxc5 15. Qg5 0-0 16. Qg3 c4 17. Be2 Nxe4 18. Nxe4 Bxe4 19. Qxe5 Qxe5 20. Nxe5 1/2-1/2

[Event "Goch op 24th"]
[Site "Goch"]
[Date "2013.09.07"]
[Round "5"]
[White "Wicker, Claus"]
[Black "Unkrig, Frank"]
[Result "1-0"]
[WhiteElo "1627"]
[BlackElo "1565"]
[PlyCount "91"]
[EventDate "2013.09.05"]
[EventType "swiss"]
[EventRounds "7"]
[EventCountry "GER"]
[SourceTitle "EXT 2015"]
[Source "ChessBase"]
[SourceDate "2014.11.20"]
[SourceVersion "1"]
[SourceVersionDate "2014.11.20"]
[SourceQuality "1"]

1. e4 c5 2. Nf3 Nc6 3. d4 cxd4 4. Nxd4 d6 5. Nc3 g6 6. Be3 Bg7 7. Qd2 Bd7 8. 0-0-0 a6 9. h4 Nxd4 10. Bxd4 Bxd4 11. Qxd4 Nf6 12. Nd5 Be6 13. Nxf6+ exf6 14. Qxd6 Qxd6 15. Rxd6 0-0 16. Be2 Rac8 17. Kb1 Rfe8 18. Rhd1 Kg7 19. f4 f5 20. e5 f6 21. exf6+ Kxf6 22. Bf3 Rc7 23. Rb6 Ree7 24. Re1 Kf7 25. Rexe6 Rxe6 26. Bd5 Rce7 27. Bxe6+ Rxe6 28. Rxb7+ Kf6 29. c4 h5 30. g3 Re3 31. Rb3 Re4 32. Rc3 Re6 33. c5 Rc6 34. b4 Ke6 35. Rd3 Ke7 36. Kc2 Ke6 37. Kc3 Ke7 38. Kc4 Ke6 39. a4 Rc8 40. b5 axb5+ 41. axb5 Ke7 42. b6 Rb8 43. Kb5 Rc8 44. c6 Rb8 45. c7 Rc8 46. Kc6 1-0

[Event "Friedrichroda op 11th"]
[Site "Friedrichroda"]
[Date "2007.08.08"]
[Round "1"]
[White "Wicker, Claus"]
[Black "Danielmeier, Ralf"]
[Result "0-1"]
[WhiteElo "1710"]
[BlackElo "2091"]
[PlyCount "132"]
[EventDate "2007.08.08"]
[EventType "swiss"]
[EventRounds "7"]
[EventCountry "GER"]
[SourceTitle "CBM 120 Extra"]
[Source "ChessBase"]
[SourceDate "2007.11.01"]
[SourceVersion "1"]
[SourceVersionDate "2007.11.01"]
[SourceQuality "1"]

1. e4 d5 2. exd5 Qxd5 3. Nc3 Qa5 4. d4 Nf6 5. Nf3 c6 6. Bd3 Bg4 7. h3 Bh5 8. 0-0 e6 9. Ne4 Nbd7 10. Ng3 Bg6 11. c3 Bd6 12. Ne2 0-0-0 13. Qc2 Bb8 14. Rd1 Bh5 15. Be4 Nxe4 16. Qxe4 Nf6 17. Qd3 Bg6 18. Qd2 e5 19. Qg5 h6 20. Qh4 e4 21. Nh2 Bh5 22. f3 Rhe8 23. Qf2 Bxh2+ 24. Kxh2 exf3 25. gxf3 Qf5 26. Rf1 Qc2 27. Nf4 Qxf2+ 28. Rxf2 Re1 29. b3 Rde8 30. Bb2 Rxa1 31. Bxa1 g5 32. Nxh5 Nxh5 33. c4 Re1 34. Bc3 Rc1 35. Bd2 Rd1 36. f4 g4 37. hxg4 Nf6 38. Rg2 Nxg4+ 39. Rxg4 Rxd2+ 40. Rg2 Rxd4 41. Rf2 Rd3 42. Kg2 Kd7 43. Re2 a5 44. f5 Kd8 45. f6 Rd6 46. Re7 Rd7 47. Re2 b6 48. Kg3 Rd6 49. Rf2 Kd7 50. Kg4 Ke6 51. Kh5 Ke5 52. Re2+ Kxf6 53. Kxh6 Re6 54. Rf2+ Ke5+ 55. Kh5 Rf6 56. Re2+ Kd4 57. Kg5 Rf1 58. Rh2 f5 59. Rh6 Kc5 60. Rf6 a4 61. bxa4 Rf2 62. Rxf5+ Rxf5+ 63. Kxf5 Kxc4 64. Ke4 Kb4 65. Kd3 Kxa4 66. Kc2 Kb4 0-1